Alone Together - Fall Out Boy - All Lyrics - Statistics

General Stats
  • This quiz has been taken 86 times
  • The average score is 352 of 409
Answer Stats
Answer % Correct
a
100%
alone
100%
I
100%
I-I-I
100%
to
100%
together
100%
We
100%
we
100%
be
98%
for
98%
let's
98%
Let's
98%
you
98%
do
96%
Do
96%
don't
95%
in
95%
know
95%
So
95%
the
95%
uh-oh,
95%
uh-oh
95%
Uh-uh-uh,
95%
uh-uh-uh,
95%
at
93%
But
93%
forever
93%
I'm
93%
I’m
93%
your
93%
can
91%
end
91%
go
91%
if
91%
is
91%
on
91%
one
91%
stay
91%
where
91%
yeah,
91%
Yeah
91%
yeah
91%
And
89%
and
89%
going
89%
got
89%
more
89%
room
89%
think
89%
you're
89%
home
88%
it
88%
Say,
88%
soul?
88%
starting
88%
This
88%
up
88%
we're
88%
young
88%
young,
88%
yo-yo-young,
88%
could
86%
dead”
86%
coming
84%
of
84%
road
84%
said,
84%
tomorrow
84%
troubled
84%
ruin
82%
when
82%
Scream
80%
top
80%
wake
80%
"I'll
79%
lungs
79%
me
79%
from
75%
my
75%
My
75%
wanna
75%
wanna?
75%
check
71%
heart
71%
We'll
71%
it's
70%
It's
70%
like
70%
no
70%
broken
68%
as
64%
high
64%
beautiful?
63%
feel
63%
not
63%
play
63%
pretend
63%
stallion,
63%
Tonight
63%
back
61%
love
61%
next
59%
deck,
55%
door,
55%
invite
55%
outside
54%
fault,
52%
maniac
52%
lost
50%
they
50%
anymore,
48%
funny
48%
off,
48%
Cut
45%
jet,
45%
track,
43%
'cause
39%
private
30%
No matching quizzes found
Score Distribution
Percent of People with Each Score
Percentile by Number Answered
Your Score History
You have not taken this quiz